| 000 | 00658nam a2200217 i 4500 | ||
|---|---|---|---|
| 001 | 47562 | ||
| 003 | ES-MaACL | ||
| 005 | 20230906161605.0 | ||
| 007 | t| | ||
| 008 | 030506s1916 sp ||||1| spa d | ||
| 080 | _a821.134.2-32"19" | ||
| 100 | 1 |
_aSan José, Diego, _d1884-1962 _9102241 |
|
| 245 | 1 | 3 |
_aLa niña de Plata _b: novela inédita / _cpor Diego San José. |
| 260 |
_aMadrid : _bLa Novela Corta, _c1916. |
||
| 300 |
_a34 p. ; _c19 cm. |
||
| 490 | 1 |
_aLa novela corta ; _v19 |
|
| 830 | 0 |
_aLa novela corta ; _v19 _9182142 |
|
| 852 |
_aES-MaACL _jG-4947(19) _bR.132489 |
||
| 852 |
_aES-MaACL _j2185-F-12 _bR.135434 |
||
| 999 |
_c47562 _d47562 |
||